Guess the Jessie J Songs - Statistics

General Stats
  • This quiz has been taken 214 times
  • The average score is 11 of 15
Answer Stats
Lyrics Song Title % Correct
Everybody look to their left / Everybody look to their right / Can you feel that, yeah / We're paying with love tonight Price Tag
91%
When tomorrow comes / I'll be on my own / Feeling frightened of / The things that I don't know Flashlight
89%
We can do it like the man'dem, man'dem / We can do it like the man'dem / Sugar sugar sugar Do It Like a Dude
86%
She got a body like an hour glass / But I can give it to you all the time Bang Bang
84%
We can do this all night / Damn this love is skin tight / Baby come on Domino
84%
So much pressure, why so loud? / If you don't like my style, you can turn it down Masterpiece
82%
Sometimes it's hard to follow your heart / Tears don't mean you're losing, everybody's bruising Who You Are
78%
So while you sit and watch me / I keep dancing alone, da-dancing alone It's My Party
75%
Walking through the fire, please don't let me go / Take me to the river, I need you to know Burnin' Up
72%
If this is a dream, won't open my eyes / Am I asleep? No I'm alive. Wild
70%
Oh, so you think you know me now? Have you forgotten how, / You would make me feel when you drag my spirit down? Who's Laughing Now
65%
I hate that I let you down / And I feel so bad about it / I guess karma comes back around Nobody's Perfect
64%
You ain't gotta look like a movie star / 'Cause boy you sound so sweet, you can have it all Sweet Talker
63%
You make my hands shake / I watch the glass break / Around my guarded heart tonight Thunder
50%
Call me crazy, call me a fool / Call me crazy, baby it's true Silver Lining (Crazy 'Bout You)
41%
No matching quizzes found
Score Distribution
Percent of People with Each Score
Percentile by Number Answered
Your Score History
You have not taken this quiz